Die of Death Killdroid Skins - Statistics

General Stats
  • This quiz has been taken 4 times
  • The average score is 8 of 11
Answer Stats
Picture Answer % Correct
AwesomeDroid
100%
Livedroid
100%
MLGDroid
100%
Eggdroid
75%
Jetdroid
75%
Teadroid
75%
Turkeydroid
75%
DeathStar
50%
Pixeldroid
50%
9000droid
25%
Futuristic
25%
No matching quizzes found
Score Distribution
Percent of People with Each Score
Percentile by Number Answered
Your Score History
You have not taken this quiz